书目信息 |
| 题名: |
快乐的知识
|
|
| 作者: | 尼采 著 ;黄明嘉 译 | |
| 分册: | ||
| 出版信息: | 北京 中央编译出版社 2007 |
|
| 页数: | 13,232页 | |
| 开本: | 23cm | |
| 丛书名: | 尼采后期思想文集 | |
| 单 册: | ||
| 中图分类: | B516.47 | |
| 科图分类: | ||
| 主题词: | ||
| 电子资源: | ||
| ISBN: | 978-7-80109-025-6 | |
| 000 | 01122oam2 2200289 450 | |
| 001 | 003405694 | |
| 005 | 20070805091934.75 | |
| 010 | @a978-7-80109-025-6@dCNY28.00@z7-80109-025-X | |
| 100 | @a20070328d2007 em y0chiy0110 ea | |
| 101 | 0 | @achi@cger |
| 102 | @aCN@b110000 | |
| 105 | @aa z 000yy | |
| 200 | 1 | @a快乐的知识@9kuai le de zhi shi@f(德)弗里德里希·尼采(Friedrich Nietzsche)著@dDie frohliche wissenshaft@g黄明嘉译@zger |
| 205 | @a2版 | |
| 210 | @a北京@c中央编译出版社@d2007 | |
| 215 | @a13,232页@c照片@d23cm | |
| 225 | 2 | @a尼采后期思想文集 |
| 330 | @a本书是一本语录式的书,涉及的问题颇多,诸如生命、个体与群体本能、爱情、文艺、哲学、科学、道德、社会发展等等。 | |
| 461 | 0 | @12001 @a尼采后期思想文集 |
| 510 | 1 | @aDie frohliche wissenshaft@zger |
| 600 | 0 | @a尼采@c(Nietzsche, Friedrich Wilhelm@f1844~1900) |
| 600 | 0 | @a尼采@c(Nietzsche, Friedrich Wilhelm@f1844~1900)@j文集 |
| 690 | @aB516.47@v4 | |
| 701 | 0 | @c(德)@a尼采@9ni cai@c(Nietzsche, Friedrich Wihelm@f1844~1900)@4著 |
| 702 | 0 | @a黄明嘉@9huang ming jia@f(1941.12~)@4译 |
| 801 | 0 | @aCN@bNLC@c20070805 |
| 905 | @a10447@dB516.47@e132=2 | |
| 快乐的知识/(德)弗里德里希·尼采(Friedrich Nietzsche)著=Die frohliche wissenshaft/黄明嘉译.-2版.-北京:中央编译出版社,2007 |
| 13,232页:照片;23cm.-(尼采后期思想文集) |
| ISBN 978-7-80109-025-6:CNY28.00 |
| 本书是一本语录式的书,涉及的问题颇多,诸如生命、个体与群体本能、爱情、文艺、哲学、科学、道德、社会发展等等。 |
| ● |
| 相关链接 |
|
|
|
|
正题名:快乐的知识
索取号:B516.47/132=2
 
预约/预借
| 序号 | 登录号 | 条形码 | 馆藏地/架位号 | 状态 | 备注 |
| 1 | 0807688 | 208076883 | 第一样本阅览室/ [索取号:B516.47/132=2] | 在馆 | |
| 2 | 0807689 | 208076892 | 教育系资料室/ [索取号:B516.47/132=2] | 在馆 | |
| 3 | 0807690 | 208076909 | 第一借阅区/ [索取号:B516.47/132=2] | 在馆 | |
| 4 | 0807691 | 208076918 | 第一借阅区/ [索取号:B516.47/132=2] | 在馆 | |
| 5 | 0807692 | 208076927 | 教育系资料室/ [索取号:B516.47/132=2] | 在馆 | |
| 6 | 0807693 | 208076936 | 教育系资料室/ [索取号:B516.47/132=2] | 在馆 | |
| 7 | 0807694 | 208076945 | 第一借阅区/ [索取号:B516.47/132=2] | 在馆 | |
| 8 | 0807695 | 208076954 | 第一借阅区/ [索取号:B516.47/132=2] | 在馆 | |
| 9 | 0807696 | 208076963 | 第一借阅区/ [索取号:B516.47/132=2] | 在馆 | |
| 10 | 0807697 | 208076972 | 教育系资料室/ [索取号:B516.47/132=2] | 在馆 |